000 00401nam a22001697a 4500
003 MPLRDC
005 20220104123745.0
008 210129b ||||| |||| 00| 0 eng d
082 _a415.332 YMH
100 _a叶铭洪
245 _a怎样应付高血压
_c
260 _a
_b万叶出版社
_c
300 _b
490 _a大众保健丛书
650 _a高血压
942 _cBK
_o415.332 YMH
999 _c13956
_d13946